000 00220nam a2200097Ia 4500
008 230907s9999||||xx |||||||||||||| ||und||
082 _a333.914
_bFOR
245 0 _aHydropower economics /
300 _a326 p.
942 _cBK
999 _c598454
_d598454